| 000 | 00458nam a2200181Ia 4500 | ||
|---|---|---|---|
| 005 | 20240806041625.0 | ||
| 008 | 240331s9999 xx 000 0 und d | ||
| 020 | _a076199422X | ||
| 082 |
_bJOH _a384.55 |
||
| 100 | _aJohnson, K | ||
| 245 | 0 | _aTelevision and social change in rural India | |
| 260 |
_aNew delhi _bSage Publications India Pvt Ltd _c2000 |
||
| 300 | _a247 p ., | ||
| 650 | _aSocial | ||
| 650 | _aMedia | ||
| 650 | _aRural india | ||
| 942 | _cL | ||
| 999 |
_c2961 _d2961 |
||